header

Ready to go youth group activities (Record no. 146285)

MARC details
000 -LEADER
fixed length control field 01308nam a2200313 a 4500
100 1# - MAIN ENTRY--AUTHOR NAME
Personal name Outcalt, John.
245 10 - TITLE STATEMENT
Title Ready to go youth group activities
260 ## - PUBLICATION, DISTRIBUTION, ETC. (IMPRINT)
Place of publication Nashville, Tenn. :
Name of publisher Abingdon Press,
Year of publication 2005.
300 ## - PHYSICAL DESCRIPTION
Number of Pages 112 p. :
Other physical details ill., forms.
490 0# - SERIES STATEMENT
Series statement Ready to go
500 ## - GENERAL NOTE
General note Includes index.
650 #0 - SUBJECT ADDED ENTRY--TOPICAL TERM
Topical Term Church work with teenagers.
Topical Term Christian education
856 40 - ELECTRONIC LOCATION AND ACCESS
Uniform Resource Identifier http://site.ebrary.com/lib/rucke/Doc?id=10432032

No items available.

© 2026 Rongo University
Contact us: librarian | system librarian | Rongo university